• 首页
  • 本馆介绍
  • 公告通知
  • 最新文献
  • 馆藏检索
  • 电子资源
  • 读者导购
  • 参考咨询
  • 我的图书馆
  • 登录
  • 详细信息显示
  • 放入我的书架
  • 预约/预借图书
  • 作者相关作品
  • 分类相关作品
  • 丛书相关作品
  • 出版社相关作品

书目信息

  • 表格格式
  • 工作单格式
  • 卡片格式
题名:
空调病
    
 
作者: 任道凤 编著
分册:  
出版信息: 上海   上海科学技术出版社  2000.03
页数: 117页
开本: 19cm
丛书名: 名医谈百病
单 册:
中图分类: R122.2-5
科图分类:
主题词: 环境卫生
电子资源:
ISBN: 7-5323-5369-9
000 00607nam0 2200217 45
001 0009151518
005 20000915154507.3
010    @a7-5323-5369-9@d5.00元
100    @a20000915d2000 km y0chiy0120 ea
101 0  @achi
105    @a z 000yy
200 1  @a空调病@AKong Diao Bing@f任道凤等 编著@FRen Dao Feng Deng Bian Zhu
210    @a上海@c上海科学技术出版社@d2000.03
215    @a117页@d19cm
225    @a名医谈百病
410    @12001 @a名医谈百病
606 0  @a环境卫生
690    @aR122.2-5@v3
701  0 @a任道凤@4编著
801    @aCN@bPftUser@c20000915
905    @aBZT@b72458-462@dR122.2-5@e1@f5
    
    空调病/任道凤等 编著.-上海:上海科学技术出版社,2000.03
    117页;19cm.-(名医谈百病)
    
    
    ISBN 7-5323-5369-9:5.00元
    
●
相关链接 在五车中查询图书 在当当中查询图书 在豆瓣中查询图书


正题名:空调病     索取号:R122.2-5/1         预约/预借

序号 登录号 条形码 馆藏地/架位号 状态 备注
1 72458   200708537   中心书库中库/ 中库001架A面4列5层11/ [索取号:R122.2-5/1] 在馆    
2 72459   200708546   中心书库中库/ 中库001架A面4列5层8/ [索取号:R122.2-5/1] 在馆    
3 72460   200708519   中心书库中库/ 中库001架A面4列5层7/ [索取号:R122.2-5/1] 在馆    
4 72461   200708564   中心书库中库/ 中库001架A面4列5层10/ [索取号:R122.2-5/1] 在馆    
5 72462   200708555   中心书库中库/ 中库001架A面4列5层9/ [索取号:R122.2-5/1] 在馆    
山东省滨州职业学院图书馆 欢迎您!
大连网信软件有限公司© 版权所有